11 All-Time de l'Equipe du Portugal - Statistiques

Statistiques générales
  • Ce quiz a été pris 501 fois
  • Le résultat moyen est 9 sur 16
Statistiques - réponses
Poste Nationalité Réponse % Correct
Attaquant 2003- Cristiano Ronaldo
98%
Défenseur Central 2007-2024 Pepe
92%
Attaquant 1991-2006 Luis Figo
83%
Attaquant 1961-1973 Eusebio
82%
Remplaçant (Gardien) 2010- Rui Patricio
68%
Milieu de terrain 2003-2010 Deco
59%
Défenseur Central 2003-2016 Ricardo Carvalho
59%
Remplaçant (Milieu) 1993-2004 Rui Costa
49%
Milieu de terrain 2005-2022 Joao Moutinho
48%
Remplaçant (Attaquant) 1997-2006 Pedro Miguel Pauleta
44%
Défenseur Gauche 2014- Raphael Guerreiro
43%
Remplaçant (Défenseur) 2016- Joao Cancelo
40%
Sélectionneur 2014-2022 Fernando Santos
39%
Gardien 1990-2002 Vitor Baia
31%
Défenseur Droit 1983-1996 Joao Pinto
9%
Milieu de terrain 1955-1968 Mario Coluna
7%
Aucun quiz correspondant
Distribution des résultats
% des personnes avec chaque résultat
Percentile par nombre de réponses
Votre historique - résultats
Vous n’avez pas pris ce quiz